| Tag |
First Indicator |
Second Indicator |
Subfields |
| LEADER |
00000cam a2200000 a 4500 |
| 001 |
in00001073521 |
| 005 |
20150929111121.0 |
| 008 |
960705s1908 gw 000 0 ger d |
| 035 |
|
|
|a (OCoLC)35031004
|
| 035 |
|
|
|9 AFQ3855AM
|
| 040 |
|
|
|a TXA
|c TXA
|d UtOrBLW
|
| 049 |
|
|
|a TXAM
|
| 090 |
|
|
|a PT2611.R484
|b A17 1908
|
| 100 |
1 |
|
|a Frey, Adolf,
|d 1855-1920.
|
| 240 |
1 |
0 |
|a Poems.
|k Selections
|
| 245 |
1 |
0 |
|a Gedichte /
|c von Adolf Frey.
|
| 250 |
|
|
|a 2., verm. Aufl.
|
| 264 |
|
1 |
|a Leipzig :
|b H. Haessel,
|c 1908.
|
| 300 |
|
|
|a xi, 356 pages ;
|c 19 cm.
|
| 336 |
|
|
|a text
|b txt
|2 rdacontent
|
| 337 |
|
|
|a unmediated
|b n
|2 rdamedia
|
| 338 |
|
|
|a volume
|b nc
|2 rdacarrier
|
| 999 |
|
|
|a MARS
|
| 999 |
f |
f |
|s 4b82216a-7a37-3949-96e2-ac4c7cd7aa1f
|i 9008741f-7c71-39eb-807f-70953e13982f
|t 0
|
| 952 |
f |
f |
|p ric
|a Texas A&M University
|b Rellis Campus
|c Joint Library Facility
|d Remote Storage
|t 0
|e PT2611.R484 A17 1908
|h Library of Congress classification
|i unmediated -- volume
|m A14820134402
|
| 998 |
f |
f |
|a PT2611.R484 A17 1908
|t 0
|l Remote Storage
|